Chłopaki Taylor Swift według zdjęcia - Statystyki

Ogólne statystyki
  • Ten quiz został rozwiązany 27 razy
  • Średni wynik to 6 z 13
Statystyki odpowiedzi
Obrazkowy Hint Odpowiedź % Poprawnych
2012–2013 Harry Styles
96%
2023– Travis Kelce
81%
2008 Joe Jonas
69%
2016–2023 Joe Alwyn
58%
2009 Taylor Lautner
58%
2015–2016 Calvin Harris
50%
2023 Matty Healy
42%
2009–2010 John Mayer
35%
2010 Jake Gyllenhaal
27%
2016 Tom Hiddleston
27%
2012 Conor Kennedy
8%
2010 - rumored Cory Monteith
4%
2009 Lucas Till
4%
Nie znaleziono quizów pasujących do podanych kryteriów
Rozkład punktacji
Procent ludzi z każdym wynikiem
Percentyl według liczby udzielonych odpowiedzi
Twoja historia wyników
Nie rozwiązałeś tego quizu